Normal view
MARC view
Entry Topical Term
001 - CONTROL NUMBER
- control field: 1234771
003 - CONTROL NUMBER IDENTIFIER
- control field: OSt
005 - DATE AND TIME OF LATEST TRANSACTION
- control field: 20260413161643.0
008 - FIXED-LENGTH DATA ELEMENTS
- fixed length control field: 260413|| aca||aabn | a|a d
040 ## - CATALOGING SOURCE
- Original cataloging agency: OSt
- Transcribing agency: OSt
150 ## - HEADING--TOPICAL TERM
- Topical term or geographic name entry element: LANGUAGE ARTS- COMMUNICATIONS SKILLS
670 ## - SOURCE DATA FOUND
- Source citation: Work cat.: (OSt)1848260: Rajora, Chaya 1234770, Home language and the teacher: , 2025
